000 00782cgm a2200229 4500
001 B3296
008 090401t1990 xxu||||| |||| 00| 0 eng d
035 _a(Sirsi) u55156
041 _aeng
050 _a696.9
110 _aIntelligent Building Group
_9190
245 4 _aThe intelligent building (sound recording)
260 _aLondon
_bRoyal Institution of Chartered Surveyors
_c1990
300 _a1 sound cassette (60 min.)
350 _a10
490 _aOwlion Audio Programme
520 _aPublished jointly with the College of Estate Management . A dialogue between six different specialists involved in the design, construction and use of commercial buildings.
650 _aAUDIO CASSETTES
650 _aINTELLIGENT BUILDINGS
942 _n0
948 _c04/03/1997
999 _c85312
_d85312